000 00287 a2200145 4500
001 168876
020 _a
040 _cMagnum
100 _aDinorah, Maria
240 1 0 _aPra falar de amor
_lpor
245 1 0 _aPra falar de amor
362 0 _a1899
697 _aIJ/POESIA
942 _cBK
999 _c168876
_d168876